000 00534nam a2200193Ia 4500
005 20220719165627.0
008 131103s9999 xx 000 0 und d
040 _aLoreto College
041 _aEnglish
082 _a821.1
_bCHA-WYA
100 _aChaucer,Geoffrey
245 4 _aThe prologue to the Canterbury tales
_cGeoffrey Chaucer; Edited by A J Wyatt
260 _aLondon
_bUniversity Tutorial Press
_c1964
300 _a114 p.
650 _aEnglish poetry
700 _aWyatt, A J
_4ed.
850 _aLCLIB
942 _cBK
999 _c21295
_d71774